000 01112nam a2200289Ia 4500
003 OSt
005 20221005103852.0
006 a|||||r|||| 00| 0
007 ta
008 221004b |||||||| |||| 00| 0 hin d
020 _a9788192077840 (hbk)
024 _a14649
037 _bGift, 08/12/2014,
_cTextual
040 _aCRL
_cCRL
_bhin
041 _2hin
_ahin
082 _aX.2, 152Q3
100 _aगुप्ता, रीनू
245 0 _aउपभोग संस्कृति, बाजार और बचपन
246 _aUpabhog sanskṛuti, bājār aur bachapana
260 _aदिल्ली
_bऐप्पल बुक भारत
_c2013
300 _a274पृ0
_ccm.
650 _aअर्थशास्त्र
700 _a त्रिपाठी, आदित्य पी.
700 _a शुक्ला, प्रीति
942 _hX.2, 152Q3
_cTEXL
_2cc
999 _c1011130
_d1011130